Green for growth 2 (Record no. 84461)

MARC details
000 -LEADER
fixed length control field 00536cab a22001815a 4500
001 - CONTROL NUMBER
control field L157778
008 - FIXED-LENGTH DATA ELEMENTS--GENERAL INFORMATION
fixed length control field 130514e2013 xxk 000 0 eng d
035 ## - SYSTEM CONTROL NUMBER
System control number (Sirsi) u157778
041 0# - LANGUAGE CODE
Language code of text/sound track or separate title eng
100 1# - MAIN ENTRY--PERSONAL NAME
Personal name Branson, Adam
245 00 - TITLE STATEMENT
Title Green for growth 2
Remainder of title retrofit
260 ## - PUBLICATION, DISTRIBUTION, ETC.
Date of publication, distribution, etc. 2013
490 ## - SERIES STATEMENT
Series statement Building
Volume/sequential designation (278) 1 February 2013, 34-36(3)
520 ## - SUMMARY, ETC.
Summary, etc. Part two of the Green for Growth series. Explores how Green for Growth measures can work even in times of austerity
590 ## - LOCAL NOTE (RLIN)
Local note KA
690 ## - LOCAL SUBJECT ADDED ENTRY--TOPICAL TERM (OCLC, RLIN)
Topical term or geographic name as entry element Green for Growth
942 ## - ADDED ENTRY ELEMENTS (KOHA)
Suppress in OPAC 0
Holdings
Withdrawn status Lost status Source of classification or shelving scheme Damaged status Not for loan Home library Current library Shelving location Date acquired Total Checkouts Full call number Barcode Date last seen Price effective from Koha item type
    Dewey Decimal Classification     London London Journals 14/05/2013   L157778 157778-1001 06/08/2019 06/08/2019 Journal